Astrapi [ 1079 ]
| Support: | |
|---|---|
| Langue: | Francais |
| Publié: |
Bayard Presse Paris |
| Genre: |
Périodiques |
| Sujets: | |
| Étiquettes: |
Ajouter
Pas de Tags !
|
| LEADER | 00436nxs0a2200145 450 | ||
|---|---|---|---|
| 001 | 16848443 | ||
| 100 | |a 20260421d2026 u u0frey01 ba | ||
| 101 | 0 | |a fre | |
| 110 | 0 | |a aeu 0uu0 | |
| 200 | 0 | |a Astrapi [ 1079 ] |f Astrapi | |
| 207 | 1 | |a 1079 | |
| 210 | |a Paris |b 3 Rue Bayard. |c Bayard Presse | ||
| 900 | |a Périodiques | ||
| 901 | |a Accessible au prêt | ||
| 995 | |a Bibliothèque |c Bibliothèque |f 024026185 |h 024026185 |k PER AST 05/26 |o p |q j |r xx |e Bibliothèque | ||
